000 00418nam a2200145 i 4500
001 142901
003 ES-MaACL
007 t|
008 071010s1919 sp ||||1| spa d
100 1 _aVidal y Planas, Alfonso.
_9114525
245 1 0 _aSanta Isabel de Ceres
_b: novela nueva /
_cpor Alfonso Vidal y Planas.
260 _aMadrid :
_bSèz Hermanos,
_c1919.
300 _a182 p. ;
_c19 cm.
852 _aES-MaACL
_jB-5849
999 _c142901
_d142901